000 00742nam a2200217 a 4500
001 63060
003 BD-RjUL
005 20211209081145.0
008 170128s1950 xx 001 0 eng u
035 _a(BD-RjUL)63188
040 _aWGT
_dOCL
_dEQO
_beng
_cBD-RjUL
041 _aeng
082 _a824.08
_223
_bHUN 1950
245 0 4 _aThe hundred best English essays /
_cSelected and edited, with an introductory essay, by the Rt. Hon. the Earl of Birkenhead
260 _aLondon :
_bCassell,
_c1950
300 _axxi, 921 p. ;
_c22 cm.
500 _aEssays from the sixteenth century to the present time, chronologically arranged
650 0 _aEnglish essays
_9186830
700 _aBirkenhead, Frederick Edwin Smith
_9187594
942 _2ddc
_cBK
999 _c63060
_d63060